| 000 | 00512nam a22001577a 4500 | ||
|---|---|---|---|
| 005 | 20231024104000.0 | ||
| 008 | 231024b |||||||| |||| 00| 0 eng d | ||
| 041 | _aAfrikaans / English | ||
| 082 | _a347 VAN | ||
| 100 |
_avan Niekerk, JP _lAfrikaans/English |
||
| 245 |
_aDie Prokureursorde van Transvaal Eeufees / _cJP van Niekerk |
||
| 260 |
_aPretoria West : _bGutenberg Book Printers, _c1992 |
||
| 300 |
_bviii, 95 pages ; _c32 cm. |
||
| 650 |
_aLegal Practice _bLaw |
||
| 942 |
_cBK _6ALISON_BN_VRIES |
||
| 999 |
_c25 _d25 |
||